B99 trivia - beat it cuz I promise you won't - Statistics

General Stats
  • This quiz has been taken 38 times
  • The average score is 6 of 15
Answer Stats
Hint Answer % Correct
What does Amy use in her mashed potatoes instead of salt? Baking Soda
75%
When Captain Holt's uncle dies Jake sends him an email, what is Jake's signature on his email? My Stinky Butt
75%
What do Hitchcock and Scully use instead of bullet proof vests at Wing Slutz? Bucket of the Slut Sauce
68%
What name does Charles give to their group when he and Jake work a case with Stevie Shillins? Police Pals
64%
What is Debbie Fogle very allergic to? Turkey
57%
What is the name of Hitchcock's sketchy sex van? The Beaver Trap
54%
What name does Jake suggest in his email when he accidentally reveals to everyone that Terry is having another baby? Hurricane
50%
What score are Jake and Amy tied at when the bet ends in season 1? 83
29%
Jake and Terry investigate a chocolate milk store, what is the name of the store? DRK MLK
29%
What is the name of Kevin's friend who Holt hates and who always talks about Scottsdale? Margo
21%
What song do the Police Pals sing when they're taking Stevie to jail? Un-Break My Heart
14%
What is the name of Rosa and Amy's nemesis in season 5? Sergio Mindar
11%
What did Terry say he ate a whole box of at the movies while he was fat? Uncooked rice
11%
In Terry's self-defence class, what does Terry joke about offering that would have made Scully show up? Free strudel
7%
When Pimento was undercover working for Jimmy "The Butcher" Figgis, he is forced to drive what object through a guy's eye into his brain? Croquet Wicket
0%
No matching quizzes found
Score Distribution
Percent of People with Each Score
Percentile by Number Answered
Your Score History
You have not taken this quiz